Click Fast to Build the Contiguous United States - Sudden Death - Statistics

General Stats
  • This quiz has been taken 411 times
  • The average score is 15 of 49
Answers on the Map
Answers color-coded by a green-red scale on the quiz's map according to % correct below.
 
Answer Stats
Answer % Correct
Arizona
94%
Texas
76%
California
74%
Washington
74%
New Mexico
72%
Nevada
68%
Louisiana
65%
Maine
62%
Minnesota
55%
Utah
44%
Idaho
43%
Oklahoma
43%
Colorado
38%
Michigan
37%
Montana
37%
Alabama
35%
North Dakota
35%
Wisconsin
35%
New Hampshire
34%
New York
34%
Illinois
31%
Arkansas
30%
Pennsylvania
30%
Oregon
28%
Mississippi
25%
Florida
24%
Georgia
24%
Ohio
23%
Wyoming
23%
South Dakota
20%
Tennessee
20%
Vermont
19%
Indiana
18%
Kentucky
18%
South Carolina
16%
West Virginia
15%
Kansas
13%
Massachusetts
13%
Virginia
13%
Maryland
12%
Connecticut
11%
Delaware
9%
Iowa
9%
Washington, DC
7%
Missouri
6%
Nebraska
6%
New Jersey
4%
North Carolina
4%
Rhode Island
4%
No matching quizzes found
Score Distribution
Percent of People with Each Score
Percentile by Number Answered
Your Score History
You have not taken this quiz